Gioielli d'artista en Italia 1945-1995 (Record no. 10959)

MARC details
000 -CABECERA
campo de control de longitud fija 01089nam a22002777a 4500
001 - NÚMERO DE CONTROL
campo de control BRCA_9337
003 - IDENTIFICADOR DEL NÚMERO DE CONTROL
campo de control FranzMayer
005 - FECHA Y HORA DE LA ÚLTIMA TRANSACCIÓN
campo de control 20230918120927.0
008 - DATOS DE LONGITUD FIJA--INFORMACIÓN GENERAL
campo de control de longitud fija 230825b |||||||| |||| 00| 0 eng d
020 ## - NÚMERO INTERNACIONAL ESTÁNDAR DEL LIBRO
Número Internacional Estándar del Libro 8843540521
040 ## - FUENTE DE LA CATALOGACIÓN
Centro catalogador/agencia de origen MFM
Lengua de catalogación español
Centro/agencia transcriptor MFM
050 #0 - SIGNATURA TOPOGRÁFICA DE LA BIBLIOTECA DEL CONGRESO
Número de clasificación N15.G56
Número de documento/Ítem .E44 1995
110 1# - ENTRADA PRINCIPAL--NOMBRE DE ENTIDAD CORPORATIVA
Código de función/relación Responsable
Nombre de entidad corporativa o nombre de jurisdicción como elemento de entrada Banco Ambrosiano Veneto
Unidad subordinada Electa
9 (RLIN) 29195
240 ## - TÍTULO UNIFORME
Título uniforme Gioielli d'artista en Italia 1945-1995
Lenguaje de la obra Italiano
245 0# - MENCIÓN DE TÍTULO
Título Gioielli d'artista en Italia 1945-1995
260 ## - PUBLICACIÓN, DISTRIBUCIÓN, ETC.
Lugar de publicación, distribución, etc. Milano
Nombre del editor, distribuidor, etc. Electa
Fecha de publicación, distribución, etc. 1995
300 ## - DESCRIPCIÓN FÍSICA
Extensión 285 p
Otras características físicas Ilustraciones a color
Dimensiones 28 cm
500 ## - NOTA GENERAL
Nota general Anexo 1
500 ## - NOTA GENERAL
Nota general Incluye una dedicatoria a mano en la primer página
505 ## - NOTA DE CONTENIDO CON FORMATO
Nota de contenido con formato Texto en: italianoIncluye índice temáticoIncluye bibliografía 283-285Dirigido a: artistas, museógrafos, historiadores de arte.
650 1# - PUNTO DE ACCESO ADICIONAL DE MATERIA--TÉRMINO DE MATERIA
Fuente del encabezamiento o término Artes vsuales
Término de materia o nombre geográfico como elemento de entrada Artes de lugares epsecificos
Subdivisión de forma Italia
9 (RLIN) 29196
651 2# - PUNTO DE ACCESO ADICIONAL DE MATERIA--NOMBRE GEOGRÁFICO
Fuente del encabezamiento o término Arte contemporáneo
Nombre geográfico Arte europeo
Subdivisión de forma Gioiselli (1945-1995)
9 (RLIN) 29197
700 1# - PUNTO DE ACCESO ADICIONAL--NOMBRE DE PERSONA
Código de función/relación Responsable
Nombre de persona Somaini, Luisa
9 (RLIN) 29198
700 1# - PUNTO DE ACCESO ADICIONAL--NOMBRE DE PERSONA
Código de función/relación Responsable
Nombre de persona Cerritelli, Claudio
9 (RLIN) 29199
942 ## - ELEMENTOS DE PUNTO DE ACCESO ADICIONAL (KOHA)
Fuente del sistema de clasificación o colocación Library of Congress Classification
Tipo de ítem Koha Libros
Holdings
Estado de retiro Estado de pérdida Fuente del sistema de clasificación o colocación Estado dañado No para préstamo Código de colección Localización permanente Ubicación/localización actual Fecha de adquisición Total de préstamos Signatura topográfica completa Código de barras Fecha visto por última vez Precio válido a partir de Tipo de ítem Koha
El ejemplar forma parte de la colección y puede ser consultado según las políticas vigentes.   Library of Congress Classification     Fondo Contemporáneo Biblioteca del Museo Franz Mayer (Rogerio Casas-Alatriste) Biblioteca del Museo Franz Mayer (Rogerio Casas-Alatriste) 25/08/2023   N15.G56 .E44 1995 CONT10093 25/08/2023 25/08/2023 Libros